书目信息 |
| 题名: |
电动力学解题指导
|
|
| 作者: | 王雪君 编 | |
| 分册: | ||
| 出版信息: | 北京 北京师范大学出版社 1998 |
|
| 页数: | 215页 | |
| 开本: | 19cm | |
| 丛书名: | ||
| 单 册: | ||
| 中图分类: | O442-44 | |
| 科图分类: | ||
| 主题词: | 电磁学 , 电动力学 | |
| 电子资源: | ||
| ISBN: | 7-303-04434-5 | |
| 000 | 00549nam0 2200193 450 | |
| 001 | 0735592734 | |
| 005 | 20070906095312.73 | |
| 010 | @a7-303-04434-5@d¥9.00 | |
| 100 | @a20070906d km y0chiy0120 ea | |
| 101 | 0 | @achi |
| 200 | 1 | @a电动力学解题指导@Adian dong li xue jie ti zhi dao@f王雪君编@Fwang xue jun bian |
| 210 | @a北京@c北京师范大学出版社@d1998 | |
| 215 | @a215页@d19cm | |
| 606 | 0 | @a电磁学 |
| 606 | 0 | @a电动力学 |
| 690 | @aO442-44@v3 | |
| 701 | 0 | @a王雪君@Awang xue jun@4编 |
| 801 | 0 | @aCN@bPFT@c20070906 |
| 905 | @a213230@dO442-44@eP9@f1 | |
| 电动力学解题指导/王雪君编.-北京:北京师范大学出版社,1998 |
| 215页;19cm |
| ISBN 7-303-04434-5:¥9.00 |
| ● |
| 相关链接 |
|
|
|
|
正题名:电动力学解题指导
索取号:O442-44/P9
 
预约/预借
| 序号 | 登录号 | 条形码 | 馆藏地/架位号 | 状态 | 备注 |
| 1 | 7200467 | 272004671 | 密集书库-物理学院/ [索取号:O442-44/P9] | 在馆 | |
| 2 | 7201515 | 272015151 | 密集书库-物理学院/ [索取号:O442-44/P9] | 在馆 |